000 00433nam a2200181Ia 4500
001 1920
005 20260306143804.0
008 260306t2004||||xx |||||||||||||| ||spa||
041 _aESP
082 _a158.1
_bP75
100 _aPolaino-Lorente, Aquilino
_eAUT
245 0 _aEn busca de la autoestima perdida
260 _c2004
300 _a239 páginas :
_c21 cm.
650 _aGEN
654 _aCPS
942 _cLIB
_dJUS
_fJUS
_2ddc
_n
999 _c1920
_d1920